000 00726nam a2200217 a 4500
001 BRCA_579
005 20190320203054.0
008 780331s1975 ch-a---##b---#000-0#eng-#
020 _a0916838013
040 _aDLC
_cDLC
_dDLC
050 4 _aNK4565.5
_b.H47 1975
100 1 _aHerbert, Peter
_d1917-
_91994
245 1 0 _aChinese Export Porcelain
_bStandard Patterns and Forms, 1780 to 1880
_cPeter Herbert and Nancy Schiffer.
260 _aChina
_bSchiffer
_cc1975
300 _a255 p.
_bil. (algunas a color)
_c29 cm.
504 _aBibliografĂ­a : p. [256]
650 1 4 _aComercio de porcelana
_zChina
_91995
650 1 4 _aPorcelana china
_yDinastĂ­a Ming-Qing, 1368-1912
_91636
700 1 _aSchiffer, Nancy
_91996
942 _2lcc
_cB
999 _c508
_d508